[Event "Bremen-ch"]
[Site "Bremen"]
[Date "2019.04.19"]
[Round "8.15"]
[White "Hedke, Manfred"]
[Black "Kazmierski, Falk"]
[Result "1-0"]
[WhiteElo "1634"]
[BlackElo "1499"]
[PlyCount "47"]
[EventDate "2019.04.13"]
[EventType "swiss"]
[EventRounds "9"]
[EventCountry "GER"]
[SourceTitle "EXT 2020"]
[Source "ChessBase"]
[SourceDate "2019.10.17"]
[SourceVersion "1"]
[SourceVersionDate "2019.10.17"]
[SourceQuality "1"]

1. e4 e6 2. d4 d5 3. exd5 exd5 4. c4 c6 5. Nf3 Nf6 6. Qb3 Bd6 7. Bd3 Nbd7 8. 0-0 0-0 9. c5 Bc7 10. Bg5 Re8 11. Nbd2 b6 12. Rae1 bxc5 13. Qc2 c4 14. Bxh7+ Kf8 15. Rxe8+ Qxe8 16. Re1 Qd8 17. Ne5 Nxe5 18. dxe5 Qe7 19. Nf3 Bg4 20. exf6 Bxh2+ 21. Kxh2 Qd6+ 22. Kg1 Bxf3 23. gxf3 gxf6 24. Bh6# 1-0